Faculty of Law Library — Cairo University

Official Online Catalog

Lexique des termes juridiques : (Record no. 73404)

MARC details
000 -LEADER
fixed length control field 01486nam a2200361 i 4500
003 - CONTROL NUMBER IDENTIFIER
control field EG-GICUC
005 - DATE AND TIME OF LATEST TRANSACTION
control field 20260507101221.0
008 - FIXED-LENGTH DATA ELEMENTS--GENERAL INFORMATION
fixed length control field 260426s2010 fr |||fr|| d 00| 0 fre d
020 ## - INTERNATIONAL STANDARD BOOK NUMBER
International Standard Book Number 978-2247-10-269-3
040 ## - CATALOGING SOURCE
Original cataloging agency EG-GiCUC
Language of cataloging fre
Transcribing agency EG-GiCUC
Modifying agency EG-GiCUC
Description conventions Rda
041 0# - LANGUAGE CODE
Language code of text/sound track or separate title fre
082 04 - DEWEY DECIMAL CLASSIFICATION NUMBER
Edition number 21
Classification number 343.9
Item number LE
092 04 - LOCALLY ASSIGNED DEWEY CALL NUMBER (OCLC)
Edition number 21
099 ## - LOCAL FREE-TEXT CALL NUMBER (OCLC)
Classification number Law1 10 343.9 LE 9 ed - 2010
245 10 - TITLE STATEMENT
Title Lexique des termes juridiques :
Remainder of title français – arabe – anglais, suivi d’un index anglais et d’un index arabe /
Statement of responsibility, etc. traduction du texte français par Isabelle Ganem ; conception méthodologique par Christine Balah ; révision et vocalisation du texte arabe par Émilie Ganem.
250 ## - EDITION STATEMENT
Edition statement Ninth edition
264 #1 - PRODUCTION, PUBLICATION, DISTRIBUTION, MANUFACTURE, AND COPYRIGHT NOTICE
Place of production, publication, distribution, manufacture Paris :
Name of producer, publisher, distributor, manufacturer Hachette Antoine S.A.L.,
Date of production, publication, distribution, manufacture, or copyright notice 2010.
300 ## - PHYSICAL DESCRIPTION
Extent 1563 page ;
Dimensions 24 cm.
Other physical details illustration ;
336 ## - CONTENT TYPE
Source rda contenu
Content type term texte
337 ## - MEDIA TYPE
Source rda medias
Media type term Ordinateur
338 ## - CARRIER TYPE
Source transporteur rda
Carrier type term Ressource en ligne
500 ## - GENERAL NOTE
General note Publié en coopération avec le Ministère de la Culture français – Centre national du livre.
504 ## - BIBLIOGRAPHY, ETC. NOTE
Bibliography, etc. note Comprend des références bibliographiques et un index.<br/><br/><br/><br/>
546 ## - LANGUAGE NOTE
Language note Texte bilingue (français -anglais))
650 14 - SUBJECT ADDED ENTRY--TOPICAL TERM
Topical term or geographic name entry element Criminal Law
Source of heading or term qrmak
651 1# - SUBJECT ADDED ENTRY--GEOGRAPHIC NAME
Source of heading or term qrmak
700 1# - ADDED ENTRY--PERSONAL NAME
Personal name Ganem, Isabelle
Relator term Contributeur
700 1# - ADDED ENTRY--PERSONAL NAME
Personal name Balah, Christine
Relator term Traducteur
700 1# - ADDED ENTRY--PERSONAL NAME
Personal name Ganem, Émilie
Relator term Contributeur
856 40 - ELECTRONIC LOCATION AND ACCESS
Uniform Resource Identifier <a href="https://fll.law.cu.edu.eg/fulltext/bks/B10-10553.pdf">https://fll.law.cu.edu.eg/fulltext/bks/B10-10553.pdf</a>
905 ## - Cataloger and Reviser Names
Cataloger Name: Habiba Yahya
942 ## - ADDED ENTRY ELEMENTS (KOHA)
Source of classification or shelving scheme Dewey Decimal Classification
Suppress in OPAC No
Koha item type Books
Edition 21
Holdings
Withdrawn status Lost status Source of classification or shelving scheme Damaged status Not for loan Collection Home library Current library Date acquired Total checkouts Full call number Barcode Date last seen Copy number Price effective from Koha item type
    Dewey Decimal Classification   Not for loan القانون الجنائي جــــامعة القــاهرة مكتبة كلية الحقوق - المبنى الرئيسي 26.04.2026   Law1 10 343.9 LE 9 ed - 2010 1010553 C1 B10-10553 26.04.2026 1 26.04.2026 Books

© All rights reserved — Faculty of Law, Cairo University